Movies Quiz

Random Movies or Role Quiz
Score 0/20 Timer 05:00
0 Plays Today
% Correct
Padmé Amidala
84.7%
Mace Windu
82.7%
Han Solo
81.7%
Darth Vader (Voice)
76.3%
Qui-Gon Jinn
75%
Obi-Wan Kenobi (Young)
63.5%
Count Dooku
62.1%
Anakin Skywalker
60.8%
Luke Skywalker
55.5%
Princess Leia
47.2%
% Correct
Sabé
45.3%
R2D2
44.6%
Yoda
44.2%
Lando Calrissian
41.6%
Sen. Bail Organa
40.4%
C-3PO
38.9%
Obi-Wan Kenobi (Old)
37.2%
Grand Moff Tarkin
28.4%
Major Derlin
27.3%
General Veers
27.2%
Remove Ads.
Support Sporcle.
Get the best of Sporcle when you Go Orange. This ad-free experience offers more features, more stats, and more fun while also helping to support Sporcle. Thank you for becoming a member.

You're not logged in!

Compare scores with friends on all Sporcle quizzes.
OR
Log In

Show Comments

Extras

Top Quizzes Today


Score Distribution

Your Account Isn't Verified!

In order to create a playlist on Sporcle, you need to verify the email address you used during registration. Go to your Sporcle Settings to finish the process.

Report this User

Report this user for behavior that violates our Community Guidelines.

Details: